000 00681nam a2200241 i 4500
001 C2-0269563
003 PPAK
005 20180728000215.0
008 060808s1995 my a|||| ||||| | chi d
020 _a9838201928
040 _aPPAK
_beng
_cPPAK
_erda
082 0 4 _a808.85
_223
090 0 0 _a808.85
_bLEE
_dG
100 0 _aLee Lin Tai,
_eauthor
245 1 0 _aLee lin tai :
_bjing yan ji
264 1 _aSeri Kembangan, Selangor :
_bUnited Publishing House ,
_c1995
300 _a286 pages :
_billustrations ;
_c20 cm
336 _2rdacontent
_atext
337 _2rdamedia
_aunmediated
338 _2rdacarrier
_avolume
650 1 0 _aSpeeches addresses, etc.
942 _ddc
_cB
999 _c78240
_d78240